|
|
|
|
| LEADER |
00000Cam#a2200000#a#4500 |
| 001 |
022078 |
| 003 |
AR-BeUNQ |
| 005 |
20170714164808.0 |
| 008 |
101012s1992||||ag # g## #000|0dspa#d |
| 040 |
|
|
|a AR-BeUNQ
|
| 082 |
0 |
4 |
|a Ar868
|2 21
|
| 100 |
1 |
|
|a Rivera, Jorge B
|
| 245 |
0 |
2 |
|a Borges y Arlt :
|b literatura y periodismo
|c Jorge B. Rivera.
|
| 260 |
|
|
|a Buenos Aires :
|b Facultad de Filosofía y Letras. Universidad de Buenos Aires,
|c 1992.
|
| 300 |
|
|
|a 21 p. ;
|c 22 cm.
|
| 490 |
1 |
|
|a Hipótesis y discusiones ;
|
| 600 |
1 |
4 |
|a Borges, Jorge Luis
|d 1899-1986
|
| 600 |
1 |
4 |
|a Arlt, Roberto
|d 1900-1942
|
| 650 |
|
7 |
|a Literatura (Arte)
|2 spines
|
| 650 |
|
7 |
|a Prensa
|2 spines
|
| 650 |
|
7 |
|a Biografías
|2 spines
|
| 651 |
|
7 |
|a Argentina
|2 spines
|
| 653 |
|
|
|a Periodismo
|
| 830 |
|
0 |
|a Hipótesis y discusiones (Facultad de Filosofía y Letras, Universidad de Buenos Aires).
|n 2,
|p Monografía.
|
| 929 |
|
|
|a DONACION
|b Margarita Pierini
|d 0,00
|e 20080317
|f PAT0022856
|g 972 Exp. 827-0387/98
|j 45483
|
| 942 |
|
|
|c LIB
|n 0
|
| 999 |
|
|
|c 21381
|d 96768
|